| 000 | 00340nam a22001457a 4500 | ||
|---|---|---|---|
| 020 | _a9787546174273 | ||
| 040 | _cNUST | ||
| 082 |
_a300.951 _bDIJ |
||
| 100 |
_aDiJun Fan _986503 |
||
| 245 |
_achanging lives of farmers _cDiJun Fan |
||
| 260 |
_aChina Huang shan _bChina _c2018 |
||
| 300 | _a ill,293,P | ||
| 942 |
_2ddc _cBK |
||
| 999 |
_c608417 _d608417 |
||